| 000 | 00774cam a2200229 a 4500 | ||
|---|---|---|---|
| 001 | 000012141 | ||
| 005 | 20250513114214.0 | ||
| 008 | 761023s1975 mx a b 001 0 spa | ||
| 040 |
_aDO-SdBNP _cDLC _dDLC |
||
| 082 |
_a371.394 _bF392h |
||
| 100 | 1 |
_aFerrini Ríos, María Rita. _928690 |
|
| 245 | 1 | 0 |
_aHacia una educación personalizada / _cMaría Rita Ferrini Ríos. |
| 260 |
_aMéxico : _bLimusa, _c1975. |
||
| 300 |
_a165 p. : _bil. ; _c23 cm. |
||
| 490 | 1 |
_aUna alternativa en la educación _aDivulgación |
|
| 504 | _aBibliografía: p. 161-165. | ||
| 650 | 4 |
_aEducacion individualizada _928691 |
|
| 650 | 0 |
_aInnovaciones educativas _917115 |
|
| 830 | 0 |
_aUna alternativa en la educación ; _pDivulgación _928692 |
|
| 910 | _aCatalogación derivada | ||
| 049 | _aBNGR | ||
| 999 |
_c11806 _d11806 |
||